000 00627pam a2200229 a 4500
001 1004343
005 20180207033959.0
008 870323s1987 nyua b 001 0 eng c
010 _a 87007905
020 _a0444010440 (pbk.)
040 _aDNLM/DLC
_cDLC
_dDLC
041 _aeng
060 _aWB 200 P578
080 _a616.0754 JOH
082 0 0 _a616.0754 JOH
_219
100 _a3
101 _aSHM
245 0 0 _aPhysical diagnosis :
_cedited by Siegfried J. Kra.
504 _aIncludes bibliographies and index.
906 _a7
_bcbc
_corignew
_d1
_eocip
_f19
_gy-gencatlg
942 _2ddc
_cBK
999 _c41977
_d41977